<?xml version="1.0" encoding="UTF-8"?>
<record
    xmlns:xsi="http://www.w3.org/2001/XMLSchema-instance"
    xsi:schemaLocation="http://www.loc.gov/MARC21/slim http://www.loc.gov/standards/marcxml/schema/MARC21slim.xsd"
    xmlns="http://www.loc.gov/MARC21/slim">

  <leader>01463naa a2200325 uc4500</leader>
  <controlfield tag="001">1332538</controlfield>
  <controlfield tag="005">20260302105946.0</controlfield>
  <controlfield tag="008">130614e20100421                    spa  </controlfield>
  <datafield tag="035" ind1=" " ind2=" ">
    <subfield code="a">1332538</subfield>
  </datafield>
  <datafield tag="040" ind1=" " ind2=" ">
    <subfield code="c">comduadb</subfield>
  </datafield>
  <datafield tag="041" ind1=" " ind2=" ">
    <subfield code="a">spa</subfield>
  </datafield>
  <datafield tag="080" ind1=" " ind2=" ">
    <subfield code="a">G/F</subfield>
  </datafield>
  <datafield tag="111" ind1="2" ind2="0">
    <subfield code="a">Seminario : Muchas miradas, muchas visiones, el desafio de la reconciliacion (1 : 2009 : Medellin),</subfield>
    <subfield code="4">aut</subfield>
    <subfield code="e">aut</subfield>
  </datafield>
  <datafield tag="245" ind1="1" ind2="3">
    <subfield code="a">Un horizonte para la reparaci&#xF3;n... Trabajando por y para la reconciliaci&#xF3;n</subfield>
  </datafield>
  <datafield tag="260" ind1=" " ind2=" ">
    <subfield code="a">Medell&#xED;n :</subfield>
    <subfield code="b">USAID (Agencia de los Estados Unidos para el Desarrollo Internacional),</subfield>
    <subfield code="c">2009.</subfield>
  </datafield>
  <datafield tag="300" ind1=" " ind2=" ">
    <subfield code="a">13-14</subfield>
  </datafield>
  <datafield tag="650" ind1=" " ind2="7">
    <subfield code="a">Reconciliaci&#xF3;n</subfield>
    <subfield code="2">lemb</subfield>
    <subfield code="9">29361</subfield>
  </datafield>
  <datafield tag="650" ind1=" " ind2="7">
    <subfield code="a">Reparaci&#xF3;n (Justicia penal)</subfield>
    <subfield code="2">armarc</subfield>
    <subfield code="9">151378</subfield>
  </datafield>
  <datafield tag="650" ind1=" " ind2=" ">
    <subfield code="a">V&#xED;ctimas del terrorismo</subfield>
    <subfield code="9">146591</subfield>
  </datafield>
  <datafield tag="650" ind1=" " ind2=" ">
    <subfield code="a">V&#xED;ctimas de la violencia</subfield>
    <subfield code="9">125506</subfield>
  </datafield>
  <datafield tag="650" ind1=" " ind2="0">
    <subfield code="a">V&#xED;ctimas de cr&#xED;menes violentos</subfield>
    <subfield code="z">Colombia</subfield>
    <subfield code="9">189988</subfield>
  </datafield>
  <datafield tag="650" ind1=" " ind2="7">
    <subfield code="a">Verdad, justicia y reparaci&#xF3;n</subfield>
    <subfield code="z">Colombia</subfield>
    <subfield code="2">comduadb</subfield>
    <subfield code="9">90336</subfield>
  </datafield>
  <datafield tag="650" ind1=" " ind2="7">
    <subfield code="a">Gesti&#xF3;n de conflictos</subfield>
    <subfield code="2">embne</subfield>
    <subfield code="9">199219</subfield>
  </datafield>
  <datafield tag="700" ind1="1" ind2="0">
    <subfield code="a">Bueno Cipagauta, Maria Angelica</subfield>
    <subfield code="4">aut</subfield>
    <subfield code="e">aut</subfield>
    <subfield code="9">422367</subfield>
  </datafield>
  <datafield tag="710" ind1="1" ind2="0">
    <subfield code="a">USAID (Agencia de los Estados Unidos para el Desarrollo Internacional)</subfield>
    <subfield code="4">aut</subfield>
    <subfield code="e">aut</subfield>
    <subfield code="9">831742</subfield>
  </datafield>
  <datafield tag="710" ind1="2" ind2="0">
    <subfield code="a">Fundacion Forjando Futuros</subfield>
    <subfield code="4">aut</subfield>
    <subfield code="e">aut</subfield>
    <subfield code="9">832731</subfield>
  </datafield>
  <datafield tag="710" ind1="2" ind2="0">
    <subfield code="a">CNRR (Comision Nacional de Reparacion y Reconciliacion)</subfield>
    <subfield code="4">aut</subfield>
    <subfield code="e">aut</subfield>
    <subfield code="9">832872</subfield>
  </datafield>
  <datafield tag="773" ind1="0" ind2=" ">
    <subfield code="t">Muchas miradas, muchas visiones : el desaf&#xED;o de la reconciliaci&#xF3;n</subfield>
    <subfield code="w">1197429</subfield>
    <subfield code="w">(OCoLC)777046483</subfield>
    <subfield code="0">539305</subfield>
  </datafield>
  <datafield tag="942" ind1=" " ind2=" ">
    <subfield code="c">BKCAP</subfield>
    <subfield code="n">0</subfield>
  </datafield>
  <datafield tag="999" ind1=" " ind2=" ">
    <subfield code="c">659310</subfield>
    <subfield code="d">659310</subfield>
  </datafield>
</record>
